00488nam a2200181Ia 4500008004100000020001800041050001600059100002500075245006400100245002800164250001800192260001000210260003100220260000900251300001600260300002000276300001000296170918s9999 xx 000 0 und d a9780316045506 bS849pr 2009 aStewart, Trenton Lee 4aThe mysterious Benedict society and the prisoner's dilema / cby Trenton Lee Stewart. aFirst edition aUSA : bLittle, Brown and Company, c2009 a391 pages : billustrations ; c19cm.